Ekonomika, organizácia a normovanie práce zbierka príkladov : ... učebná pomôcka pre internú potrebu poslucháčov VŠE

Bibliographic Details
Main Author: Povrazníková, Eva (Author)
Format: Book
Language:Slovak
PhysicalDescription:105 s. sch., tab. 4°
Published: Bratislava Vysoká škola ekonomická 1971
Edition:1. vyd.
Series:Vysokoškolské skriptá
Subjects:

MARC

LEADER 00000cam a2200000 a 4500
001 vtls008341903
003 SK-MaSNL
005 20260301020524.0
008 240315s1971 xo a e n 000 0 slo
015 |a SNBA1971/11-02579 
035 |a SK01SNK19710034120 
035 |a SKM000036583 
040 |a SNK  |b slo  |c SNK  |e AACR2 
041 0 |a slo 
044 |a xo  |c SK 
080 |a 331(075.8)(076.5)  |2 1981 
100 1 |a Povrazníková, Eva  |4 aut  |9 280309 
245 1 0 |a Ekonomika, organizácia a normovanie práce  |b zbierka príkladov : ... učebná pomôcka pre internú potrebu poslucháčov VŠE  |c Eva Povrazníková 
250 |a 1. vyd. 
260 |a Bratislava  |b Vysoká škola ekonomická  |c 1971 
300 |a 105 s.  |b sch., tab.  |c 4° 
366 |e 250 výt. 
490 1 |a Vysokoškolské skriptá 
504 |a Bibliogr. odkazy 
650 0 7 |a organizácia práce  |2 SNKPH  |9 2330 
650 0 7 |a ekonomika  |2 SNKPH  |9 789 
655 7 |a učebnice vysokých škôl  |2 SNKPH  |9 70191 
810 2 |a Vysoká škola ekonomická v Bratislave  |t Vysokoškolské skriptá  |9 222320 
830 0 |a Vysokoškolské skriptá  |9 276440 
958 |a OND 
958 |a RM 
958 |a RK 
958 |a NB 
958 |a UV 
999 |c 563178  |d 565108 
952 |a SNK  |b SNK  |y PREZ  |7 0  |p 17A0901629  |o snkSB 20880  |0 0  |1 0  |4 0  |d 2012-07-24  |l 0  |r 2025-03-21 00:00:00  |w 2026-02-23 
952 |a SNK  |b SNK  |y PREZ  |7 0  |p 17A0890889  |o snkSB 17391  |i snkKSP 7608/71  |0 0  |1 0  |4 0  |d 2015-02-11  |l 0  |r 2025-03-18 00:00:00  |w 2026-02-23 
952 |a SNK  |b SNK  |y VYP  |7 0  |o snkSB 17391 D1  |i snkKSP 7609/71  |0 0  |1 0  |4 0  |d 2015-02-11  |l 0  |r 2026-02-23 13:49:01  |w 2026-02-23 
952 |a SNK  |b SNK  |y VYP  |7 0  |o snkSB 17391 D2  |i snkD 2479/76  |8 1  |0 0  |1 0  |4 0  |d 2015-02-11  |l 0  |r 2026-02-23 13:49:01  |w 2026-02-23 
952 |t P60, <04>, [BOOK], {604}  |a SNK  |b SNK  |y VYP  |7 0  |p 17A0217684  |o snkSB 20880 D1  |0 0  |1 0  |4 0  |d 1999-11-12  |l 0  |r 2005-01-02 00:00:00  |w 2026-02-23